=LDR 00000nam 2200000 4500 =001 NUTBA000000000000955 =005 20201112103103 =035 ##$$a 0010-041400000000225 =008 201112################g##########0#ind## =020 ##$$a 979-8433-07-6 =082 ##$$a 304.2 =100 #$$a Sumaatmadja, Nursid =245 1#$$a Manusia dalam konteks sosial budaya dan lingkungan hidup edisi revisi /$c Prof. Dr. H. Nursid Sumaatmadja =250 ##$$a cet.2 =260 ##$$a Bandung :$b Alfabeta,$c 1998 =300 ##$$a vii,156 hlm ; $c 22 x 15 cm =084 ##$$a 304.2 SUM m =504 ##$$a Bibliografi; halaman 155-156 =650 #4$$a Sosial budaya =990 ##$$a 10407541 =990 ##$$a 10407542